00639 a2200217 4500003000500000005001700005010001600022020003400038040000900072082001300081100001900094245005500113250001200168260003500180300003600215500002000251650002000271942000800291999001900299952010300318Nust20170207152516.0 a 92018213 a0139322604 (recycled paper) : cNust00a621.39161 aRosch, Winn L.14aThe Winn L. Rosch hardware bible /cWinn L. Rosch. a2nd ed. aNew York :bBrady Pub.,c1992. axxxv, 1097 p, :bill. ;c24 cm. aIncludes index. 0aMicrocomputers. cREF c176069d176069 00102ddc40708NFICaMCSbMCSd2016-12-12l0o621.3916 ROSpMCS2874r2016-12-08w2016-12-12yBK